Online
Catalog

La reforma del Estado en América Latina y el Caribe / (Record no. 15507)

MARC details
000 -CABECERA
campo de control de longitud fija 00832nam a2200193 a 4500
001 - NÚMERO DE CONTROL
campo de control 000015965
005 - FECHA Y HORA DE LA ÚLTIMA TRANSACCIÓN
campo de control 20200929164222.0
008 - DATOS DE LONGITUD FIJA--INFORMACIÓN GENERAL
campo de control de longitud fija 100222s1998 dr c 000 0 spa d
040 ## - FUENTE DE LA CATALOGACIÓN
Centro catalogador/agencia de origen DO-SdBNP
Lengua de catalogación spa
Centro/agencia transcriptor BNPHU
082 ## - NÚMERO DE LA CLASIFICACIÓN DECIMAL DEWEY
Número de clasificación xxxx
Número de documento/Ítem R332e
049 ## - FONDOS LOCALES (OCLC)
Fondos de biblioteca BNPD
245 03 - MENCIÓN DE TÍTULO
Título La reforma del Estado en América Latina y el Caribe /
Mención de responsabilidad, etc. Federico Mayor [et. al]. ; compiladores Jorge Nieto Montesinos, Onofre Rojas ; edición Marcela Villegas.
260 ## - PUBLICACIÓN, DISTRIBUCIÓN, ETC.
Lugar de publicación, distribución, etc. Santo Domingo :
Nombre del editor, distribuidor, etc. Unidad para la Cultura Democrática y la Gobernabilidad
-- UNESCO,
Fecha de publicación, distribución, etc. 1998.
300 ## - DESCRIPCIÓN FÍSICA
Extensión 78 p. :
Otras características físicas retrs. ;
Dimensiones 26 cm.
700 1# - PUNTO DE ACCESO ADICIONAL--NOMBRE DE PERSONA
Nombre de persona Mayor, Federico
9 (RLIN) 35869
700 1# - PUNTO DE ACCESO ADICIONAL--NOMBRE DE PERSONA
Nombre de persona Nieto Montesinos, Jorge,
Término indicativo de función/relación comp.
9 (RLIN) 35870
700 1# - PUNTO DE ACCESO ADICIONAL--NOMBRE DE PERSONA
Nombre de persona Rojas, Onofre,
Término indicativo de función/relación comp.
9 (RLIN) 31119
710 1# - PUNTO DE ACCESO ADICIONAL--NOMBRE DE ENTIDAD CORPORATIVA
Nombre de entidad corporativa o nombre de jurisdicción como elemento de entrada República Dominicana Comisión Presidencial para la Reforma y Modernización del Estado Dominicano
9 (RLIN) 35871
Holdings
Estado de retiro Estado de pérdida Restricciones de uso No para préstamo Código de colección Localización permanente Ubicación/localización actual Ubicación en estantería Fecha de adquisición Número de inventario Total de préstamos Signatura topográfica completa Código de barras Fecha visto por última vez Número de copia Precio válido a partir de Tipo de ítem Koha
        Dominicana de Servicio General General En catalogación 03.03.2010 LF1   xxxx R332e 15965-30 25.06.2020 e. 3 25.06.2020 Libro y Folleto Colección Dominicana de Servicio
        Dominicana de Servicio General General En catalogación 15.03.2010 LF1   xxxx R332e 15965-40 25.06.2020 e. 4 25.06.2020 Libro y Folleto Colección Dominicana de Servicio
      Excluido de préstamo Patrimonio Dominicano Patrimonio Dominicano Patrimonio Dominicano En catalogación 22.02.2010 LF1   xxxx R332e 15965-10 25.06.2020   25.06.2020 Libro y Folleto Colección Patrimonio Dominicano
      Excluido de préstamo Patrimonio Dominicano Patrimonio Dominicano Patrimonio Dominicano En catalogación 22.02.2010 LF1   xxxx R332e 15965-20 25.06.2020 e. 2 25.06.2020 Libro y Folleto Colección Patrimonio Dominicano

Powered by Koha